Galopito, el petisito contento
Gorde:
| Egile nagusia: | |
|---|---|
| Formatua: | Liburua |
| Hizkuntza: | gaztelania |
| Argitaratua: |
Buenos Aires
Sigmar
1988
|
| Saila: | Colección mis animalitos
|
| Gaiak: | |
| Etiketak: |
Etiketa erantsi
Etiketarik gabe, Izan zaitez lehena erregistro honi etiketa jartzen!
|
MARC
| LEADER | 00000nam a2200000 a 4500 | ||
|---|---|---|---|
| 001 | UCW5594 | ||
| 003 | CL-VaPUC | ||
| 008 | 910612e19880000AG |||||||||||||||||spa|d | ||
| 082 | 0 | 4 | |a 808.068 |b SAN |2 21 |
| 100 | 0 | |a Sánchez Puyol, Héctor |e author |9 310583 | |
| 245 | 1 | 0 | |a Galopito, el petisito contento |
| 300 | |a 8 p | ||
| 942 | |c BK | ||
| 945 | |d 19910612 00:00:00 | ||
| 260 | |a Buenos Aires |b Sigmar |c 1988 | ||
| 650 | 0 | |a Cuentos infantiles |9 308044 | |
| 650 | 0 | |a Literatura infantil |9 307465 | |
| 583 | |a last modification |c 19910612 00:00:00 |k Rodrigo Vera | ||
| 490 | 0 | |a Colección mis animalitos | |
| 999 | |c 218979 |d 218977 | ||